Meilleur entraîneur de la LaLiga - Trophée Miguel Muñoz - Statistiques

Statistiques générales
  • Ce quiz a été pris 39 fois
  • Le résultat moyen est 13 sur 24
Statistiques - réponses
Saison Club Pays Entraîneur % Correct
2024/25 FC Barcelone Allemagne Hansi Flick
97%
2008/09 FC Barcelone Espagne Pep Guardiola
97%
2009/10 FC Barcelone Espagne Pep Guardiola
97%
2019/20 Real Madrid France Zinédine Zidane
97%
2014/15 Real Madrid Italie Carlo Ancelotti
95%
2021/22 Real Madrid Italie Carlo Ancelotti
95%
2013/14 Atlético de Madrid Argentine Diego Simeone
95%
2015/16 Atlético de Madrid Argentine Diego Simeone
95%
2020/21 Atlético de Madrid Argentine Diego Simeone
95%
2010/11 Real Madrid Portugal José Mourinho
71%
2011/12 Real Madrid Portugal José Mourinho
71%
2007/08 Villarreal CF Chili Manuel Pellegrini
42%
2021/22 Real Betis Chili Manuel Pellegrini
42%
2012/13 FC Barcelone Espagne Tito Vilanova
42%
2023/24 Girona FC Espagne Míchel
39%
2019/20 Séville FC Espagne Julen Lopetegui
34%
2006/07 Recreativo de Huelva Espagne Marcelino
24%
2017/18 Valence CF Espagne Marcelino
24%
2022/23 Real Sociedad Espagne Imanol Alguacil
8%
2018/19 Getafe CF Espagne José Bordalás
8%
2016/17 SD Eibar Espagne José Luis Mendilibar
8%
2006/07 Séville FC Espagne Juande Ramos
8%
2005/06 Getafe CF Allemagne Bernd Schuster
5%
2016/17 CD Leganés Espagne Asier Garitano
0%
Aucun quiz correspondant
Distribution des résultats
% des personnes avec chaque résultat
Percentile par nombre de réponses
Votre historique - résultats
Vous n’avez pas pris ce quiz